000 00568nam a2200169 i 4500
001 68887
003 ES-MaACL
007 t|
008 040722s1906 sp ||||1| spa d
100 1 _aGoron, Marie-François.
_959206
245 1 4 _aLas memorias de Goron, ex jefe de la policía de París /
_cMarie François Goron ; traducción de Ricardo Vinuesa ; ilustraciones de Rojas.
250 _a4ª ed.
260 _aMadrid :
_bSènz de Jubera,
_c1906 (
_fRicardo Rojas)
300 _a232 p. ;
_c19 cm.
700 1 _aVinuesa, Ricardo.
_9115344
852 _aES-MaACL
_jC-7386
999 _c68887
_d68887